Catalog

Record Details

Catalog Search



Quellen und Untersuchungen zur Geschichte der Böhmischen Brüder / Band 1 Der Verkehr der Brüder mit den Waldensen : Wahl und Weihe der ersten Priester Cover Image Book Book

Quellen und Untersuchungen zur Geschichte der Böhmischen Brüder / Jaroslav Goll Band 1 Der Verkehr der Brüder mit den Waldensen : Wahl und Weihe der ersten Priester

Goll, Jaroslav (Author).

Record details

  • Physical Description: 96 S.
  • Publisher: Praha J. Otto 1878

Available copies

  • 1 of 1 copy available at Common Catalog SPOK.

Holds

  • 0 current holds with 1 total copy.
Show Only Available Copies
Location Call Number / Copy Notes Barcode Shelving Location Status Due Date
ETS Library 284.3 424470002691 Volný výběr Available -

LDR 00823nam a2 00229
00135462
003CZ-PrJAB
00520030506000000.0
008010807s1878 xr e |||| |ger
009cz
035 . ‡a(CONS)7729
035 . ‡aKPS9252
040 . ‡aABG450
041 . ‡ager
08214. ‡a284.3
100 . ‡74139 ‡aGoll, Jaroslav
245 . ‡aQuellen und Untersuchungen zur Geschichte der Böhmischen Brüder / ‡cJaroslav Goll ‡nBand 1 ‡pDer Verkehr der Brüder mit den Waldensen : Wahl und Weihe der ersten Priester
260 . ‡aPraha ‡bJ. Otto ‡c1878
300 . ‡a96 S.
653 . ‡aQuellen und Untersuchungen zur Geschichte der Böhmischen Brüder ‡aDer Verkehr der Brüder mit den Waldensen : Wahl und Weihe der ersten Priester
8524 . ‡bETS ‡bETS ‡cVolný výběr ‡j284.3 ‡gA ‡p424470002691
910 . ‡aABG450
999 . ‡a7729 ‡bAUTOGEN ‡c7729 ‡tbiblio
905 . ‡uadmin
901 . ‡a35462 ‡b ‡c35462 ‡tbiblio ‡sets

Additional Resources